Energetická stratégia EÚ v oblasti dodávok zemného plynu (z pohľadu sledovania strategických záujmov SR) diplomová práca
Na minha lista:
| Autor principal: | |
|---|---|
| Autor Corporativo: | |
| Outros Autores: | |
| Formato: | Livro |
| Idioma: | eslovaco |
| Publicado em: |
Bratislava
2019
|
| Tags: |
Sem tags, seja o primeiro a adicionar uma tag!
|
MARC
| LEADER | 00000nbm a2200000 4500 | ||
|---|---|---|---|
| 001 | 0254053 | ||
| 005 | 20191004140034.2 | ||
| 041 | 0 | |a slo | |
| 044 | |a SK | ||
| 245 | 1 | 0 | |a Energetická stratégia EÚ v oblasti dodávok zemného plynu (z pohľadu sledovania strategických záujmov SR) |b diplomová práca |c Valentín Šaššák ; školiteľ: Viera Ružeková |
| 264 | 1 | |a Bratislava |c 2019 | |
| 300 | |a 72 s. | ||
| 100 | 1 | |a Šaššák, Valentín | |
| 700 | 1 | |a Ružeková, Viera, 1957- | |
| 710 | 2 | |a Obchodná fakulta EU. Katedra medzinárodného obchodu | |